000 nam a22 7a 4500
999 _c40595
_d40595
003 OSt
005 20170922152413.0
008 170922b xxu||||| |||| 00| 0 eng d
040 _cSERO SOFT
100 _aAIR
245 _aALL INDIA REPORTER
260 _aNAGPUR
_bAIR PVT
_c2013
942 _2ddc
_c01